| 000 | 00339nam a2200133Ia 4500 | ||
|---|---|---|---|
| 005 | 20251222143256.0 | ||
| 008 | 251222s9999||||xx |||||||||||||| ||spa|| | ||
| 020 | _a1-886938-42-3 | ||
| 082 | _a304.62/R78 | ||
| 100 | _aRojas, Eduardo | ||
| 245 | 0 | _aLa Ciudad en el Siglo XXI: | |
| 264 | _bBanco Internacional de Desarrollo | ||
| 942 | _cLIB | ||
| 999 |
_c15155 _d15155 |
||